000
00348nam a2200145Ia 4500
008
151213s9999 xx 000 0 und d
100
_a
John Duryan
245
_a
The Pilgrims Progress
_c
John Duryan
250
_a
1st
260
_a
New York
_b
Pocket Book
_c
1957
300
_a
4570 p.
650
_a
Reference
700
_a
John Duryan
999
_c
2944
_d
2944